000 01044nam a2200337Ia 4500
001 dia_5892
003 CHAP
005 20230608135504.0
008 220117s2010 xx 000 0 und d
010 _a177017
020 _a978-607-05-0284-2
040 _cCHAP
082 _a641.3374 K35 2010
110 _aGrupo México
_9159950
245 _aKakaw : evolución y revolución /
_c Grupo México ; colaboración José Ramón Castillo
260 _aMéxico :
_b Grupo México,
_c2010
300 _a157 p.
503 _aC.
504 _aBibliografía: p. 151
590 _aTX817 K35 2010
650 _aChocolate
_xMéxico
_xHistoria
_9159951
650 _aChocolate
_xMexico
_xHistory
_9159952
650 _aCocoa products
_9150295
650 _aProductos derivados del cacao
_9150301
700 _aRamón Castillo, José, colab.
_9159953
710 _aGrupo México
_9159950
901 _a641.3374 K35 2010
902 _aM
905 _a5232272010 mx d 8222123322spa16
942 _cLIBRO
_2ddc
999 _c177017
_d177017